Kathryn Hahn Characters - Statistics

General Stats
  • This quiz has been taken 15 times
  • The average score is 5 of 15
Answer Stats
Media Character % Correct
Wandavision Agatha Harkness
100%
Mrs Fletcher Eve Fletcher
82%
Parks and Recreation Jennifer Barkley
36%
How To Lose A Guy In 10 Days Michelle Rueben
36%
Bad Moms Carla Dunkler
27%
Crossing Jordan Lily Lebowski
27%
Private Life Rachel Biegler
27%
I Love Dick Chris Kraus
18%
Tiny Beautiful Things Clare Pierce
18%
I Know This Much Is True Dessa Constantine
18%
Central Park Paige Hunter
18%
The Shrink Next Door Phyllis Shapiro
18%
Afternoon Delight Rachel
18%
Transparent Raquel Fein
18%
Tomorrowland Ursula
18%
No matching quizzes found
Score Distribution
Percent of People with Each Score
Percentile by Number Answered
Your Score History
You have not taken this quiz